Online Catalogue and eLibrary

Buddhist Christian Dialogue (Record no. 828)

MARC details
000 -LEADER
fixed length control field 00436nam a2200169Ia 4500
005 - DATE AND TIME OF LATEST TRANSACTION
control field 20240719053113.0
008 - FIXED-LENGTH DATA ELEMENTS--GENERAL INFORMATION
fixed length control field 240331s9999 xx 000 0 und d
082 ## - DDC Classification
Class No. 291
Item Number - Author Mark BUD
100 ## - MAIN ENTRY--PERSONAL NAME
Personal name Centre for religion publication
245 #0 - TITLE STATEMENT
Title Buddhist Christian Dialogue
260 ## - PUBLICATION, DISTRIBUTION, ETC.
Place of publication, distribution, etc. Colombo
Name of publisher, distributor, etc. Centre for society and Religion
Date of publication, distribution, etc. 1990
300 ## - PHYSICAL DESCRIPTION
Extent (e.g. Volumes, Pages etc.) ix, 155 p .,
650 ## - SUBJECT ADDED ENTRY--TOPICAL TERM
Topical term or geographic name entry element History
650 ## - SUBJECT ADDED ENTRY--TOPICAL TERM
Topical term or geographic name entry element Religion
650 ## - SUBJECT ADDED ENTRY--TOPICAL TERM
Topical term or geographic name entry element Economic
942 ## - Koha item type (Biblio)
Koha item type Books in Stacks (Lending)
Holdings
Lost status Damaged status Collection code Home library Current library Shelving location Date acquired Full call number Accession Number Item type
    Lending WERC Library WERC Library Social Science Cupboard 03/31/2024 291 BUD 255 Books in Stacks (Lending)

© WERC Library